| 000 | 01065cam a22003377a 4500 | ||
|---|---|---|---|
| 003 | CHAP | ||
| 005 | 20220817042617.0 | ||
| 008 | 971013s1979 r 00010 d | ||
| 010 | _a49723 | ||
| 011 | _a50695 | ||
| 035 | _a54845 | ||
| 040 | _cCHAP | ||
| 082 |
_a338.9 _bS38 |
||
| 100 | 0 | 0 |
_aSalvatore, Dominick. _9101873 |
| 245 | 1 | 0 | _aTheory and problems of development economics |
| 260 |
_aNew York : _bMcGraw-Hill, _c1979 |
||
| 300 | _a229 p. | ||
| 490 | 0 | _aSchaum's outline | |
| 590 |
_aBATCH-UPD _b10 _c20130110 _lUCH01 _h0221 |
||
| 590 |
_aBATCH-UPD _b10 _c20130110 _lUCH01 _h1027 |
||
| 590 |
_aBATCH-UPD _b10 _c20130409 _lUCH01 _h2241 |
||
| 590 |
_aBATCH-UPD _b10 _c20130914 _lUCH01 _h1150 |
||
| 590 |
_aCONVERSION _b10 _c20130109 _lUCH01 _h1327 |
||
| 650 | 1 | 4 | _aDesarrollo económico. |
| 700 | 0 |
_aDowling, Edward T. _934120 |
|
| 830 | 0 |
_aSchaum's outline _9102915 |
|
| 901 | _aBK | ||
| 942 | _cLIBRO | ||
| 949 |
_a338.9 S38 _bBC _cLIBRO _d33724000108684 _eLIBRO _h55644 _i54845 _si |
||
| 949 |
_a338.9 S38 _bBC _cLIBRO _d33724000108692 _eLIBRO _fc.2 _h55645 _i54845 _si |
||
| 999 |
_c49723 _d49723 |
||